| 000 | 00572nam a22001817a 4500 | ||
|---|---|---|---|
| 003 | OSt | ||
| 005 | 20251203164535.0 | ||
| 008 | 251203b |||||||| |||| 00| 0 eng d | ||
| 020 | _a013079435x | ||
| 040 |
_aDWCL-Main lib. _cOC |
||
| 082 | _aCirc. 170 H663c 1996 | ||
| 100 | _aHinman, Lawrence M. | ||
| 245 |
_aContemporary moral issues : _bdiversity and consensus/ _cLawrence M. Hinman |
||
| 260 |
_aNew Jersey : _b Prentice-Hall, _cc1996. |
||
| 300 |
_axv, 568 pages. : _billustration; _c24 centimeters. |
||
| 650 | _aEthics. | ||
| 942 |
_2ddc _cBK-CIRC _hCirc. _n0 |
||
| 999 |
_c6777 _d6777 |
||